| 000 | 00695nam a2200229Ia 4500 | ||
|---|---|---|---|
| 001 | 16647 | ||
| 003 | GE_BSU | ||
| 008 | 181216s||||||||xx |||||||||||||| ||und|| | ||
| 040 | _cGE_BSU | ||
| 080 | _a821.353.1-1 | ||
| 100 | _aმალაზონია, ნესტორ | ||
| 245 | _aჩემი საფიცარი | ||
| 245 | _bლექსები | ||
| 245 | _cრედ.გ.სალუქვაძე.მხ.ვ.კვერნაძე | ||
| 260 | _aბათუმი | ||
| 260 | _bსახელგამი | ||
| 260 | _c1961 | ||
| 300 | _a167გვ. ; 14სმ | ||
| 653 | _aლექსები | ||
| 653 | _aჩემი საფიცარი | ||
| 942 | _cBK | ||
| 999 |
_c49713 _d49713 |
||